Air Canada MAX Fleet by FIN Number - Statistics

General Stats
  • This quiz has been taken 16 times
    4 since last reset
  • The average score is 18 of 39
Answer Stats
FIN REG (C-XXXX) % Correct
508 FSIL
100%
502 FSCY
67%
503 FSDB
67%
504 FSDQ
67%
505 FSDW
67%
506 FSEQ
67%
507 FSES
67%
509 FSIP
67%
510 FSIQ
67%
511 FSJH
67%
512 FSJJ
67%
513 FSKZ
67%
514 FSLU
67%
501 FTJV
67%
515 FSNQ
33%
516 FSNU
33%
517 FSOC
33%
518 FSOI
33%
519 GEHI
33%
520 GEHQ
33%
521 GEHV
33%
522 GEHY
33%
523 GEIV
33%
524 GEJL
33%
525 GEJN
33%
526 GEKH
33%
527 GEKX
33%
528 GEKZ
33%
529 GELJ
33%
530 GELQ
33%
531 GELU
33%
532 GEMV
33%
533 GEOJ
33%
534 GEPB
33%
535 GEPF
33%
536 GEPG
33%
537 GMEX
33%
538 GMIQ
33%
539 GMIU
33%
No matching quizzes found
Score Distribution
Percent of People with Each Score
Percentile by Number Answered
Your Score History
You have not taken this quiz since the last reset